Constitución política de Colombia : (Registro nro. 7540)

Detalles MARC
000 -LEADER
fixed length control field 01215nam a2200301Ia 4500
003 - CONTROL NUMBER IDENTIFIER
control field OSt
005 - DATE AND TIME OF LATEST TRANSACTION
control field 20210413104552.0
008 - FIXED-LENGTH DATA ELEMENTS--GENERAL INFORMATION
fixed length control field 210310s1993 ck grl 000 0 spa d
020 ## - INTERNATIONAL STANDARD BOOK NUMBER
International Standard Book Number 9586014525
040 ## - CATALOGING SOURCE
Original cataloging agency CO-JMCR
Transcribing agency CO-JMCR
041 0# - LANGUAGE CODE
Language code of text/sound track or separate title spa
082 04 - DEWEY DECIMAL CLASSIFICATION NUMBER
Classification number 342.02 /
Item number C718c
Edition number 23
110 1# - MAIN ENTRY--CORPORATE NAME
Corporate name or jurisdiction name as entry element Colombia
9 (RLIN) 8040
243 1# - COLLECTIVE UNIFORM TITLE
Unifor title <a href="Leyes, decretos">Leyes, decretos</a>
245 10 - TITLE STATEMENT
Title Constitución política de Colombia :
Remainder of title temas fundamentales /
Statement of responsibility, etc. compilador, Jorge Mario Eastman ; autores, Ciro Angarita, Jorge Arango Mejía, Antonio Barrera Carbonell [y otros 12]
250 ## - EDITION STATEMENT
Edition statement Segunda edición
260 ## - PUBLICATION, DISTRIBUTION, ETC.
Place of publication, distribution, etc. Bogotá :
Name of publisher, distributor, etc. Fundación Publicaciones Consigna,
Date of publication, distribution, etc. 1993
300 ## - PHYSICAL DESCRIPTION
Other physical details 426 páginas ;
Dimensions 23 cm.
500 ## - GENERAL NOTE
General note "Texto con sus concordancias internas e internacionales"--Tapa
505 0# - FORMATTED CONTENTS NOTE
Formatted contents note Constitución Política de Colombia -- Desarrollo doctrinario -- Desarrollo jurisprudencial
650 14 - SUBJECT ADDED ENTRY--TOPICAL TERM
Topical term or geographic name entry element Derecho constitucional
9 (RLIN) 2055
Geographic subdivision Colombia
651 24 - SUBJECT ADDED ENTRY--GEOGRAPHIC NAME
Geographic name Colombia
Form subdivision Comentarios
General subdivision Constitución
9 (RLIN) 36758
700 1# - ADDED ENTRY--PERSONAL NAME
Personal name Eastman, Jorge Mario,
Relator term compilador
9 (RLIN) 1694
700 1# - ADDED ENTRY--PERSONAL NAME
Personal name Angarita, Ciro,
Relator term autor
9 (RLIN) 36759
700 1# - ADDED ENTRY--PERSONAL NAME
Personal name Arango Mejía, Jorge,
Relator term autor
9 (RLIN) 36760
700 1# - ADDED ENTRY--PERSONAL NAME
Personal name Carbonell, Antonio Barrera,
Relator term autor
9 (RLIN) 36761
942 ## - ADDED ENTRY ELEMENTS (KOHA)
Source of classification or shelving scheme Dewey Decimal Classification
Koha item type Books
Existencias
Withdrawn status Lost status Source of classification or shelving scheme Damaged status Not for loan Collection code Home library Current library Date acquired Source of acquisition Full call number Barcode Date last seen Koha item type
    Dewey Decimal Classification     Non-fiction Biblioteca Pública José María del Castillo y Rada Biblioteca Pública José María del Castillo y Rada 04/15/2018 Donación 342.02 / C718c 430006463 05/16/2024 Books